000 00328nam a2200121 a 4500
005 20141022142009.0
008 120229s19uu xx 00 eng d
050 _aCD
_bSt9 2007
100 _aHargreaves, Sandra
245 _aStudy skills for dyslexic students /
_cedited by Sandra Hargreaves.
260 _c2007.
942 _cAVM
999 _c276663
_d276663